000 00721cam a22002651 4500
001 31502
003 BD-RjUL
005 20211209051717.0
008 140420s1953 pau 000 0 eng
020 _a0397001428
035 _a(BD-RjUL)31590
040 _aDLC
_cDLC
_dDLC
_dBD-RjUL
_beng
041 _aeng
082 0 0 _a201
_bSTR 1953
100 1 _aStace, W. T.
_q(Walter Terence),
_d1886-
_959959
245 1 0 _aReligion and the modern mind /
_cW. T. Stace.
250 _a[1st ed.]
260 _aPhiladelphia :
_bLippincott,
_cc 1952.
300 _a285 p. ;
_c22 cm.
650 0 _aReligion
_xPhilosophy.
_94031
650 0 _aSkepticism.
_965028
942 _2ddc
_cBK
999 _c31502
_d31502